[Event "Turniej Blitza na II Lidze Juniorów 2018"]
[Site "Szczyrk, Poland"]
[Date "????.??.??"]
[Round "4.17"]
[White "Tadych, Szymon"]
[Black "Posuniak, Weronika"]
[Result "0-1"]
[TimeControl "3'+2\""]
[WhiteElo "1437"]
[BlackElo "1808"]

1. d4 {[%clk 00:03:03]} {[%emt 00:00:01]} d5 {[%clk 00:03:03]} {[%emt
00:00:01]} 2. c4 {[%clk 00:03:04]} c6 {[%clk 00:03:04]} {[%emt 00:00:01]} 3.
Nc3 {[%clk 00:03:05]} {[%emt 00:00:01]} Nf6 {[%clk 00:03:05]} {[%emt 00:00:01]}
4. Nf3 {[%clk 00:03:06]} {[%emt 00:00:01]} e6 {[%clk 00:03:05]} {[%emt
00:00:02]} 5. Bf4 {[%clk 00:03:07]} {[%emt 00:00:01]} Be7 {[%clk 00:03:05]}
{[%emt 00:00:02]} 6. e3 {[%clk 00:03:05]} {[%emt 00:00:04]} a6 {[%clk
00:03:06]} {[%emt 00:00:01]} 7. Be2 {[%clk 00:02:59]} {[%emt 00:00:08]} O-O
{[%clk 00:03:05]} {[%emt 00:00:02]} 8. O-O {[%clk 00:03:00]} {[%emt 00:00:02]}
Nbd7 {[%clk 00:03:04]} {[%emt 00:00:03]} 9. a3 {[%clk 00:02:56]} {[%emt
00:00:05]} Re8 {[%clk 00:03:03]} {[%emt 00:00:03]} 10. c5 {[%clk 00:02:54]}
{[%emt 00:00:05]} b6 {[%clk 00:02:54]} {[%emt 00:00:12]} 11. b4 {[%clk
00:02:55]} {[%emt 00:00:01]} Nh5 {[%clk 00:02:46]} {[%emt 00:00:09]} 12. Bg3
{[%clk 00:02:43]} {[%emt 00:00:14]} bxc5 {[%clk 00:02:39]} {[%emt 00:00:08]} 13.
bxc5 {[%clk 00:02:44]} {[%emt 00:00:02]} Nxg3 {[%clk 00:02:40]} {[%emt
00:00:02]} 14. hxg3 {[%clk 00:02:44]} {[%emt 00:00:01]} Rb8 {[%clk 00:02:34]}
{[%emt 00:00:08]} 15. Rb1 {[%clk 00:02:45]} {[%emt 00:00:02]} Qa5 {[%clk
00:02:25]} {[%emt 00:00:10]} 16. Rxb8 {[%clk 00:02:15]} {[%emt 00:00:33]} Nxb8
{[%clk 00:02:24]} {[%emt 00:00:03]} 17. Qb3 {[%clk 00:02:16]} Nd7 {[%clk
00:02:18]} {[%emt 00:00:08]} 18. Rb1 {[%clk 00:02:14]} {[%emt 00:00:03]} f6
{[%clk 00:02:15]} {[%emt 00:00:05]} 19. Nd2 {[%clk 00:02:05]} {[%emt 00:00:11]}
e5 {[%clk 00:02:11]} {[%emt 00:00:06]} 20. Qb4 {[%clk 00:02:05]} {[%emt
00:00:02]} Qc7 {[%clk 00:01:57]} {[%emt 00:00:15]} 21. a4 {[%clk 00:01:58]}
{[%emt 00:00:10]} exd4 {[%clk 00:01:52]} {[%emt 00:00:06]} 22. exd4 {[%clk
00:01:58]} {[%emt 00:00:03]} Bd8 {[%clk 00:01:53]} {[%emt 00:00:01]} 23. a5
{[%clk 00:01:55]} {[%emt 00:00:05]} Qxa5 {[%clk 00:01:53]} {[%emt 00:00:03]} 24.
Bd3 {[%clk 00:01:41]} {[%emt 00:00:15]} Qxb4 {[%clk 00:01:50]} {[%emt
00:00:06]} 25. Rxb4 {[%clk 00:01:42]} Ba5 {[%clk 00:01:50]} {[%emt 00:00:02]}
26. Rb3 {[%clk 00:01:43]} Re1+ {[%clk 00:01:35]} {[%emt 00:00:17]} 27. Nf1
{[%clk 00:01:37]} {[%emt 00:00:08]} Kf7 {[%clk 00:01:31]} {[%emt 00:00:06]} 28.
Ra3 {[%clk 00:01:32]} {[%emt 00:00:07]} Bb4 {[%clk 00:01:29]} {[%emt 00:00:04]}
29. Rb3 {[%clk 00:01:33]} a5 {[%clk 00:01:31]} {[%emt 00:00:01]} 30. Na2 {[%clk
00:01:34]} Rd1 {[%clk 00:01:27]} {[%emt 00:00:05]} 31. Nxb4 {[%clk 00:01:28]}
{[%emt 00:00:07]} axb4 {[%clk 00:01:28]} {[%emt 00:00:02]} 32. Kh2 {[%clk
00:01:27]} {[%emt 00:00:02]} g6 {[%clk 00:01:22]} {[%emt 00:00:09]} 33. Ne3
{[%clk 00:01:27]} {[%emt 00:00:01]} Rd2 {[%clk 00:01:21]} {[%emt 00:00:04]} 34.
Nf1 {[%clk 00:01:28]} {[%emt 00:00:01]} Rxf2 {[%clk 00:01:21]} {[%emt
00:00:02]} 35. Rxb4 {[%clk 00:01:20]} {[%emt 00:00:10]} Ra2 {[%clk 00:01:15]}
{[%emt 00:00:08]} 36. Ne3 {[%clk 00:01:16]} {[%emt 00:00:06]} Ra3 {[%clk
00:01:15]} {[%emt 00:00:02]} 37. Nxd5 {[%clk 00:00:36]} {[%emt 00:00:42]} Rxd3
{[%clk 00:00:59]} {[%emt 00:00:18]} 38. Nf4 {[%clk 00:00:36]} {[%emt 00:00:02]}
Rd2 {[%clk 00:01:00]} {[%emt 00:00:01]} 39. Ra4 {[%clk 00:00:33]} {[%emt
00:00:05]} g5 {[%clk 00:01:01]} {[%emt 00:00:01]} 40. Nh3 {[%clk 00:00:33]}
{[%emt 00:00:02]} Kg6 {[%clk 00:00:59]} {[%emt 00:00:03]} 41. Rb4 {[%clk
00:00:33]} {[%emt 00:00:03]} h5 {[%clk 00:00:57]} {[%emt 00:00:04]} 42. Rc4
{[%clk 00:00:32]} {[%emt 00:00:02]} Nf8 {[%clk 00:00:57]} {[%emt 00:00:02]} 43.
Rb4 {[%clk 00:00:33]} {[%emt 00:00:03]} Ne6 {[%clk 00:00:58]} 44. Rb8 {[%clk
00:00:30]} {[%emt 00:00:05]} Nxd4 {[%clk 00:00:54]} {[%emt 00:00:06]} 45. Ng1
{[%clk 00:00:21]} {[%emt 00:00:11]} Bf5 {[%clk 00:00:50]} {[%emt 00:00:06]} 46.
Rb4 {[%clk 00:00:20]} {[%emt 00:00:03]} Be4 {[%clk 00:00:49]} {[%emt 00:00:03]}
47. g4 {[%clk 00:00:13]} {[%emt 00:00:09]} Rxg2+ {[%clk 00:00:47]} {[%emt
00:00:04]} 48. Kh3 {[%clk 00:00:13]} {[%emt 00:00:02]} hxg4# {[%emt 00:00:08]}
0-1

[Event "Turniej Blitza na II Lidze Juniorów 2018"]
[Site "Szczyrk, Poland"]
[Date "????.??.??"]
[Round "4.19"]
[White "Gozdzicki, Maciej"]
[Black "Radecki, Adam"]
[Result "0-1"]
[TimeControl "3'+2\""]
[WhiteElo "1422"]
[BlackElo "1782"]

1. d4 {[%clk 00:03:03]} {[%emt 00:00:57]} Nf6 {[%clk 00:03:03]} {[%emt
00:00:01]} 2. c4 {[%clk 00:03:05]} g6 {[%emt 00:00:01]} 3. Nc3 d5 {[%clk
00:03:07]} 4. cxd5 {[%clk 00:03:05]} {[%emt 00:00:03]} Nxd5 {[%emt 00:00:02]} 5.
e4 {[%clk 00:03:06]} Nxc3 {[%clk 00:03:09]} {[%emt 00:00:01]} 6. bxc3 {[%clk
00:03:07]} Bg7 {[%clk 00:03:10]} 7. Bc4 {[%emt 00:00:02]} c5 {[%emt 00:00:01]}
8. Ne2 {[%clk 00:03:07]} {[%emt 00:00:01]} Nc6 {[%clk 00:03:13]} 9. Be3 {[%clk
00:03:08]} O-O {[%clk 00:03:13]} {[%emt 00:00:02]} 10. O-O {[%clk 00:03:09]}
{[%emt 00:00:01]} Qa5 {[%emt 00:00:07]} 11. Qc2 {[%clk 00:02:56]} {[%emt
00:00:15]} cxd4 {[%clk 00:02:58]} {[%emt 00:00:12]} 12. cxd4 {[%clk 00:02:57]}
{[%emt 00:00:02]} e6 {[%clk 00:02:59]} 13. Rfd1 {[%clk 00:02:49]} {[%emt
00:00:10]} Rd8 {[%clk 00:03:00]} {[%emt 00:00:01]} 14. Rac1 {[%clk 00:02:41]}
{[%emt 00:00:10]} Bd7 {[%clk 00:02:59]} {[%emt 00:00:04]} 15. d5 {[%clk
00:02:40]} {[%emt 00:00:03]} Ne5 {[%clk 00:02:56]} {[%emt 00:00:05]} 16. dxe6
{[%clk 00:02:35]} {[%emt 00:00:07]} Nxc4 {[%clk 00:02:52]} {[%emt 00:00:05]} 17.
exf7+ {[%clk 00:02:36]} {[%emt 00:00:01]} Kh8 {[%clk 00:02:51]} {[%emt
00:00:03]} 18. Qxc4 {[%clk 00:02:36]} {[%emt 00:00:01]} Rac8 {[%clk 00:02:48]}
{[%emt 00:00:05]} 19. Qd4 {[%clk 00:02:16]} {[%emt 00:00:23]} Be6 {[%clk
00:02:07]} {[%emt 00:00:43]} 20. Rxc8 {[%clk 00:02:17]} Rxc8 {[%emt 00:00:01]}
21. Qd2 {[%clk 00:02:01]} {[%emt 00:00:17]} Qxd2 22. Rxd2 {[%clk 00:02:02]}
Bxf7 {[%clk 00:01:49]} 23. f3 {[%clk 00:02:03]} {[%emt 00:00:01]} b6 {[%clk
00:01:48]} {[%emt 00:00:03]} 24. Rd7 {[%clk 00:02:01]} {[%emt 00:00:04]} Bc4
{[%clk 00:01:47]} {[%emt 00:00:02]} 25. Kf2 {[%clk 00:02:00]} {[%emt 00:00:02]}
Be5 {[%clk 00:01:42]} {[%emt 00:00:08]} 26. Bd4 {[%clk 00:02:01]} {[%emt
00:00:02]} Bxd4+ 27. Rxd4 {[%clk 00:02:01]} a5 {[%clk 00:01:42]} 28. Nc3 {[%clk
00:01:52]} {[%emt 00:00:12]} b5 {[%clk 00:01:42]} {[%emt 00:00:02]} 29. Nd5
{[%clk 00:01:46]} {[%emt 00:00:07]} Bxa2 {[%clk 00:01:38]} {[%emt 00:00:06]} 30.
Ke3 {[%clk 00:01:43]} {[%emt 00:00:06]} b4 {[%clk 00:01:39]} {[%emt 00:00:01]}
31. Nxb4 {[%clk 00:01:38]} {[%emt 00:00:07]} axb4 {[%clk 00:01:40]} 32. Rxb4
{[%clk 00:01:39]} Be6 {[%clk 00:01:40]} {[%emt 00:00:01]} 33. Rd4 {[%clk
00:01:35]} {[%emt 00:00:06]} Kg7 {[%clk 00:01:39]} {[%emt 00:00:04]} 34. g3
{[%clk 00:01:32]} {[%emt 00:00:05]} Kf6 {[%clk 00:01:40]} 35. f4 {[%clk
00:01:34]} Ra8 {[%clk 00:01:38]} {[%emt 00:00:04]} 36. Rd3 {[%clk 00:01:25]}
{[%emt 00:00:11]} Ra2 {[%clk 00:01:38]} {[%emt 00:00:01]} 37. Rd2 {[%clk
00:01:26]} Ra4 {[%clk 00:01:34]} {[%emt 00:00:06]} 38. Kf3 {[%clk 00:01:25]}
{[%emt 00:00:03]} h5 {[%clk 00:01:34]} {[%emt 00:00:02]} 39. Rd3 {[%clk
00:01:09]} {[%emt 00:00:18]} Ra2 {[%clk 00:01:34]} {[%emt 00:00:03]} 40. h4
{[%clk 00:01:08]} {[%emt 00:00:03]} Bg4+ {[%clk 00:01:33]} {[%emt 00:00:03]} 41.
Ke3 {[%clk 00:01:09]} {[%emt 00:00:01]} Ke6 {[%clk 00:01:33]} {[%emt 00:00:02]}
42. Rb3 {[%clk 00:01:06]} {[%emt 00:00:04]} Ra6 {[%clk 00:01:30]} {[%emt
00:00:06]} 43. Kd4 {[%clk 00:01:03]} {[%emt 00:00:05]} Kd6 {[%clk 00:01:27]}
{[%emt 00:00:05]} 44. Rc3 {[%clk 00:01:01]} {[%emt 00:00:04]} Bh3 {[%clk
00:01:19]} {[%emt 00:00:10]} 45. Rb3 {[%clk 00:00:53]} {[%emt 00:00:10]} Bg2
{[%clk 00:01:11]} {[%emt 00:00:10]} 46. Rd3 {[%clk 00:00:53]} {[%emt 00:00:01]}
Ke6 {[%clk 00:01:11]} {[%emt 00:00:02]} 47. Rc3 {[%clk 00:00:47]} {[%emt
00:00:08]} Ra4+ {[%clk 00:01:13]} {[%emt 00:00:01]} 48. Ke3 {[%clk 00:00:38]}
{[%emt 00:00:11]} Bxe4 {[%clk 00:01:13]} {[%emt 00:00:02]} 49. Rb3 {[%clk
00:00:36]} {[%emt 00:00:03]} Bf5 {[%clk 00:01:10]} {[%emt 00:00:05]} 50. Rb6+
{[%clk 00:00:36]} {[%emt 00:00:02]} Kd5 {[%clk 00:01:11]} 51. Rb3 {[%clk
00:00:36]} {[%emt 00:00:02]} Kc4 {[%clk 00:01:12]} {[%emt 00:00:02]} 52. Rb6
{[%clk 00:00:31]} {[%emt 00:00:06]} Ra3+ {[%clk 00:01:13]} {[%emt 00:00:01]} 53.
Kf2 {[%clk 00:00:32]} Kc5 {[%clk 00:01:11]} {[%emt 00:00:04]} 54. Rb2 {[%clk
00:00:32]} {[%emt 00:00:02]} Kd4 {[%clk 00:01:08]} {[%emt 00:00:05]} 55. Rd2+
{[%clk 00:00:32]} {[%emt 00:00:02]} Rd3 {[%clk 00:01:10]} 56. Rb2 {[%clk
00:00:25]} {[%emt 00:00:09]} Bg4 {[%clk 00:01:09]} {[%emt 00:00:02]} 57. Rb4+
{[%clk 00:00:24]} {[%emt 00:00:02]} Kc3 {[%emt 00:00:02]} 58. Rb6 {[%clk
00:00:22]} {[%emt 00:00:04]} Bf5 {[%clk 00:01:08]} {[%emt 00:00:05]} 59. Rc6+
{[%clk 00:00:22]} {[%emt 00:00:02]} Kd2 {[%clk 00:01:09]} {[%emt 00:00:01]} 60.
Rc5 {[%clk 00:00:17]} {[%emt 00:00:06]} Be4 {[%clk 00:01:10]} 61. Re5 {[%clk
00:00:14]} {[%emt 00:00:06]} Rf3 {[%clk 00:01:02]} {[%emt 00:00:10]} 62. Kg1
{[%clk 00:00:09]} {[%emt 00:00:08]} Ke3 {[%clk 00:00:57]} {[%emt 00:00:06]} 63.
Re6 {[%clk 00:00:09]} {[%emt 00:00:02]} Rxg3+ {[%clk 00:00:58]} {[%emt
00:00:01]} 64. Kh2 {[%clk 00:00:11]} Rg4 {[%clk 00:00:58]} {[%emt 00:00:02]}
0-1

[Event "Turniej Blitza na II Lidze Juniorów 2018"]
[Site "Szczyrk, Poland"]
[Date "????.??.??"]
[Round "4.12"]
[White "Syrkiewicz, Michal"]
[Black "Marczuk, Dominik"]
[Result "0-1"]
[TimeControl "3'+2\""]
[WhiteElo "1518"]
[BlackElo "2112"]

1. d4 {[%clk 00:03:03]} {[%emt 00:01:27]} c5 {[%clk 00:03:02]} {[%emt
00:00:02]} 2. c3 {[%clk 00:02:57]} {[%emt 00:00:08]} e6 {[%clk 00:03:02]}
{[%emt 00:00:03]} 3. Nf3 {[%clk 00:02:52]} {[%emt 00:00:06]} Nf6 {[%clk
00:03:03]} {[%emt 00:00:01]} 4. Bg5 {[%clk 00:02:51]} {[%emt 00:00:04]} Qb6
{[%clk 00:02:54]} {[%emt 00:00:10]} 5. Qc2 {[%clk 00:02:33]} {[%emt 00:00:20]}
Be7 {[%clk 00:02:45]} {[%emt 00:00:11]} 6. e3 {[%clk 00:02:31]} {[%emt
00:00:04]} Nc6 {[%clk 00:02:36]} {[%emt 00:00:11]} 7. Bd3 {[%clk 00:02:28]}
{[%emt 00:00:06]} h6 {[%clk 00:02:31]} {[%emt 00:00:07]} 8. Bxf6 {[%clk
00:02:24]} {[%emt 00:00:05]} Bxf6 {[%clk 00:02:31]} {[%emt 00:00:02]} 9. Nbd2
{[%clk 00:02:24]} {[%emt 00:00:02]} d6 {[%clk 00:02:13]} {[%emt 00:00:20]} 10.
Ne4 {[%clk 00:02:15]} {[%emt 00:00:11]} Be7 {[%clk 00:02:11]} {[%emt 00:00:04]}
11. O-O {[%clk 00:02:09]} {[%emt 00:00:09]} Bd7 {[%clk 00:02:00]} {[%emt
00:00:12]} 12. a4 {[%clk 00:02:10]} Rc8 {[%clk 00:01:55]} {[%emt 00:00:06]} 13.
Qe2 {[%clk 00:02:02]} {[%emt 00:00:11]} O-O {[%clk 00:01:51]} {[%emt 00:00:07]}
14. Ng3 {[%clk 00:01:50]} {[%emt 00:00:14]} Na5 {[%clk 00:01:17]} {[%emt
00:00:35]} 15. Nd2 {[%clk 00:01:38]} {[%emt 00:00:14]} a6 {[%clk 00:00:53]}
{[%emt 00:00:26]} 16. Rfb1 {[%clk 00:01:35]} {[%emt 00:00:06]} c4 {[%clk
00:00:48]} {[%emt 00:00:06]} 17. Nxc4 {[%clk 00:01:29]} {[%emt 00:00:08]} Nxc4
{[%clk 00:00:49]} 18. Bxc4 {[%clk 00:01:30]} {[%emt 00:00:01]} d5 {[%clk
00:00:44]} {[%emt 00:00:07]} 19. Bd3 {[%clk 00:01:31]} {[%emt 00:00:02]} f5
{[%clk 00:00:32]} {[%emt 00:00:14]} 20. a5 {[%clk 00:01:23]} {[%emt 00:00:09]}
Qc7 {[%clk 00:00:29]} {[%emt 00:00:05]} 21. Qh5 {[%clk 00:01:13]} {[%emt
00:00:12]} Be8 {[%clk 00:00:25]} {[%emt 00:00:06]} 22. Qe2 {[%clk 00:01:12]}
{[%emt 00:00:02]} g5 {[%clk 00:00:23]} {[%emt 00:00:05]} 23. Nf1 {[%clk
00:01:04]} {[%emt 00:00:10]} Bd6 {[%clk 00:00:22]} {[%emt 00:00:03]} 24. Ng3
{[%clk 00:00:59]} {[%emt 00:00:07]} Qf7 {[%clk 00:00:17]} {[%emt 00:00:07]} 25.
Rf1 {[%clk 00:00:49]} {[%emt 00:00:12]} h5 {[%clk 00:00:17]} {[%emt 00:00:02]}
26. f4 {[%clk 00:00:46]} {[%emt 00:00:05]} h4 {[%clk 00:00:18]} {[%emt
00:00:02]} 27. Nh1 {[%clk 00:00:46]} {[%emt 00:00:02]} g4 {[%clk 00:00:15]}
{[%emt 00:00:05]} 28. Qf2 {[%clk 00:00:42]} {[%emt 00:00:05]} Be7 {[%clk
00:00:14]} {[%emt 00:00:03]} 29. Qe2 {[%clk 00:00:30]} {[%emt 00:00:14]} Qg7
{[%clk 00:00:13]} {[%emt 00:00:03]} 30. c4 {[%clk 00:00:29]} {[%emt 00:00:03]}
Bh5 {[%clk 00:00:10]} {[%emt 00:00:06]} 31. Qc2 {[%clk 00:00:27]} {[%emt
00:00:03]} g3 {[%clk 00:00:09]} {[%emt 00:00:04]} 32. h3 {[%clk 00:00:28]} dxc4
{[%clk 00:00:09]} {[%emt 00:00:02]} 33. Bxc4 {[%clk 00:00:28]} {[%emt
00:00:01]} Bb4 {[%clk 00:00:09]} {[%emt 00:00:02]} 34. Bxe6+ {[%clk 00:00:27]}
{[%emt 00:00:03]} Kh8 {[%clk 00:00:04]} {[%emt 00:00:07]} 35. Bxc8 {[%clk
00:00:27]} {[%emt 00:00:02]} Be8 {[%clk 00:00:04]} {[%emt 00:00:02]} 36. Be6
{[%clk 00:00:27]} {[%emt 00:00:02]} Bb5 {[%clk 00:00:04]} {[%emt 00:00:01]} 37.
Bc4 {[%clk 00:00:28]} {[%emt 00:00:02]} Bc6 {[%clk 00:00:05]} {[%emt 00:00:01]}
38. Qe2 {[%clk 00:00:29]} {[%emt 00:00:02]} Qg6 {[%clk 00:00:06]} {[%emt
00:00:01]} 39. d5 {[%clk 00:00:26]} {[%emt 00:00:05]} Bd7 {[%clk 00:00:07]}
{[%emt 00:00:01]} 40. Bd3 {[%clk 00:00:26]} {[%emt 00:00:01]} Re8 {[%clk
00:00:07]} {[%emt 00:00:02]} 41. Rac1 {[%clk 00:00:25]} {[%emt 00:00:04]} Bxa5
{[%clk 00:00:08]} {[%emt 00:00:01]} 42. Qc2 {[%clk 00:00:22]} {[%emt 00:00:03]}
Bb6 {[%clk 00:00:08]} {[%emt 00:00:03]} 43. Qc3+ {[%clk 00:00:20]} {[%emt
00:00:04]} Kg8 {[%clk 00:00:09]} {[%emt 00:00:01]} 44. Rf3 {[%clk 00:00:16]}
{[%emt 00:00:06]} Qd6 {[%clk 00:00:08]} {[%emt 00:00:03]} 45. Bc4 {[%clk
00:00:16]} {[%emt 00:00:02]} Re4 {[%clk 00:00:05]} {[%emt 00:00:05]} 46. Ba2
{[%clk 00:00:15]} {[%emt 00:00:03]} Kh7 {[%clk 00:00:06]} {[%emt 00:00:01]} 47.
Bb1 {[%clk 00:00:16]} Re8 {[%clk 00:00:05]} {[%emt 00:00:03]} 48. Re1 {[%clk
00:00:17]} Bb5 {[%clk 00:00:05]} {[%emt 00:00:02]} 49. Bd3 {[%clk 00:00:16]}
{[%emt 00:00:03]} Bd7 {[%clk 00:00:05]} {[%emt 00:00:02]} 50. Bc4 {[%clk
00:00:15]} {[%emt 00:00:03]} Rc8 {[%clk 00:00:06]} 51. Qd3 {[%clk 00:00:14]}
{[%emt 00:00:02]} Kg7 {[%clk 00:00:06]} {[%emt 00:00:03]} 52. Ba2 {[%clk
00:00:14]} {[%emt 00:00:02]} Qf6 {[%clk 00:00:06]} {[%emt 00:00:02]} 53. Kf1
{[%clk 00:00:13]} {[%emt 00:00:02]} Bb5 {[%clk 00:00:07]} {[%emt 00:00:02]} 54.
Rd1 {[%clk 00:00:12]} {[%emt 00:00:02]} Bxd3+ {[%clk 00:00:08]} {[%emt
00:00:02]} 55. Rxd3 {[%clk 00:00:14]} Rc1+ {[%clk 00:00:09]} 56. Ke2 {[%clk
00:00:15]} Rxh1 {[%clk 00:00:10]} {[%emt 00:00:01]} 57. d6 {[%clk 00:00:16]}
Rg1 {[%clk 00:00:11]} {[%emt 00:00:02]} 58. d7 {[%clk 00:00:11]} {[%emt
00:00:07]} Qxb2+ {[%clk 00:00:12]} {[%emt 00:00:01]} 59. Rd2 {[%clk 00:00:12]}
Rxg2+ {[%clk 00:00:13]} {[%emt 00:00:02]} 60. Kd3 {[%clk 00:00:13]} {[%emt
00:00:01]} Rxd2+ {[%clk 00:00:13]} {[%emt 00:00:02]} 61. Kc4 {[%clk 00:00:14]}
Qc2+ {[%clk 00:00:13]} {[%emt 00:00:01]} 62. Kb4 {[%clk 00:00:15]} Rxd7 {[%clk
00:00:14]} {[%emt 00:00:01]} 0-1

[Event "Turniej Blitza na II Lidze Juniorów 2018"]
[Site "Szczyrk, Poland"]
[Date "????.??.??"]
[Round "4.26"]
[White "Laszczuk, Zuzanna"]
[Black "Kawaler, Adam"]
[Result "0-1"]
[TimeControl "3'+2\""]
[WhiteElo "1368"]
[BlackElo "1602"]

1. e4 {[%clk 00:03:03]} e6 {[%clk 00:03:03]} {[%emt 00:00:01]} 2. d3 {[%clk
00:03:03]} {[%emt 00:00:02]} d5 {[%clk 00:03:02]} {[%emt 00:00:03]} 3. Nd2
{[%clk 00:03:04]} {[%emt 00:00:01]} dxe4 {[%clk 00:02:57]} {[%emt 00:00:07]} 4.
dxe4 {[%clk 00:03:05]} {[%emt 00:00:01]} Bc5 {[%clk 00:02:51]} {[%emt
00:00:09]} 5. g3 {[%clk 00:03:06]} {[%emt 00:00:01]} Nf6 {[%clk 00:02:48]}
{[%emt 00:00:05]} 6. Bg2 {[%clk 00:03:06]} {[%emt 00:00:02]} Nc6 {[%clk
00:02:16]} {[%emt 00:00:34]} 7. Ne2 {[%clk 00:03:06]} {[%emt 00:00:02]} O-O
{[%clk 00:02:14]} {[%emt 00:00:04]} 8. O-O {[%clk 00:03:06]} {[%emt 00:00:02]}
e5 {[%clk 00:02:03]} {[%emt 00:00:12]} 9. h3 {[%clk 00:03:07]} {[%emt
00:00:02]} b5 {[%clk 00:01:44]} {[%emt 00:00:20]} 10. Kh2 {[%clk 00:03:06]}
{[%emt 00:00:04]} a5 {[%clk 00:01:42]} {[%emt 00:00:03]} 11. f4 {[%clk
00:02:34]} {[%emt 00:00:35]} Bb7 {[%clk 00:01:31]} {[%emt 00:00:13]} 12. f5
{[%clk 00:02:31]} {[%emt 00:00:05]} Nd4 {[%clk 00:01:31]} {[%emt 00:00:01]} 13.
c3 {[%clk 00:02:26]} {[%emt 00:00:07]} Nxe2 {[%clk 00:01:23]} {[%emt 00:00:10]}
14. Qxe2 {[%clk 00:02:27]} {[%emt 00:00:02]} b4 {[%clk 00:01:20]} {[%emt
00:00:05]} 15. g4 {[%clk 00:02:26]} {[%emt 00:00:03]} bxc3 {[%clk 00:01:06]}
{[%emt 00:00:15]} 16. bxc3 {[%clk 00:02:26]} {[%emt 00:00:02]} Ba6 {[%clk
00:01:07]} {[%emt 00:00:01]} 17. c4 {[%clk 00:02:25]} {[%emt 00:00:03]} Qd4
{[%clk 00:01:08]} {[%emt 00:00:01]} 18. Rb1 {[%clk 00:02:19]} {[%emt 00:00:08]}
Bb6 {[%clk 00:00:51]} {[%emt 00:00:19]} 19. g5 {[%clk 00:02:17]} {[%emt
00:00:05]} Ne8 {[%clk 00:00:51]} {[%emt 00:00:01]} 20. Qh5 {[%clk 00:01:57]}
{[%emt 00:00:22]} Bxc4 {[%clk 00:00:37]} {[%emt 00:00:17]} 21. Nxc4 {[%clk
00:01:56]} {[%emt 00:00:02]} Qxc4 {[%clk 00:00:38]} {[%emt 00:00:02]} 22. g6
{[%clk 00:01:46]} {[%emt 00:00:12]} fxg6 {[%clk 00:00:33]} {[%emt 00:00:07]} 23.
fxg6 {[%clk 00:01:41]} {[%emt 00:00:06]} hxg6 {[%clk 00:00:34]} {[%emt
00:00:02]} 24. Qd1 {[%clk 00:00:59]} {[%emt 00:00:43]} Rxf1 {[%clk 00:00:24]}
{[%emt 00:00:12]} 25. Bxf1 {[%clk 00:01:00]} {[%emt 00:00:02]} Qxe4 {[%emt
00:00:07]} 26. Bd3 {[%clk 00:00:51]} {[%emt 00:00:10]} Qd4 {[%clk 00:00:14]}
{[%emt 00:00:08]} 27. Bb2 {[%clk 00:00:40]} {[%emt 00:00:13]} Qf2+ {[%clk
00:00:14]} {[%emt 00:00:02]} 28. Kh1 {[%clk 00:00:39]} {[%emt 00:00:02]} Rd8
{[%clk 00:00:12]} {[%emt 00:00:04]} 29. Bxe5 {[%clk 00:00:31]} {[%emt
00:00:11]} Qh4 {[%clk 00:00:06]} {[%emt 00:00:07]} 30. Qf3 {[%clk 00:00:27]}
{[%emt 00:00:06]} Nf6 {[%clk 00:00:06]} {[%emt 00:00:03]} 31. Bxf6 {[%clk
00:00:25]} {[%emt 00:00:04]} gxf6 {[%clk 00:00:07]} {[%emt 00:00:01]} 32. Rf1
{[%clk 00:00:23]} {[%emt 00:00:04]} Qd4 {[%clk 00:00:06]} {[%emt 00:00:03]} 33.
Bxg6 {[%clk 00:00:19]} {[%emt 00:00:06]} Qd5 {[%emt 00:00:04]} 34. Qxd5+ {[%clk
00:00:16]} {[%emt 00:00:03]} Rxd5 {[%clk 00:00:06]} {[%emt 00:00:02]} 35. Rxf6
{[%clk 00:00:14]} {[%emt 00:00:03]} Rd1+ {[%clk 00:00:08]} {[%emt 00:00:01]} 36.
Kg2 {[%clk 00:00:15]} {[%emt 00:00:01]} Rd2+ {[%clk 00:00:09]} {[%emt
00:00:01]} 37. Kg3 {[%clk 00:00:13]} {[%emt 00:00:03]} Kg7 {[%clk 00:00:10]}
{[%emt 00:00:02]} 38. Rc6 {[%clk 00:00:12]} {[%emt 00:00:02]} Rxa2 {[%clk
00:00:10]} {[%emt 00:00:02]} 39. h4 {[%clk 00:00:11]} {[%emt 00:00:04]} a4
{[%clk 00:00:11]} 40. h5 {[%clk 00:00:11]} {[%emt 00:00:01]} Rd2 {[%clk
00:00:09]} {[%emt 00:00:04]} 41. Be4 {[%clk 00:00:11]} {[%emt 00:00:03]} Rd6
{[%clk 00:00:10]} 42. Rc4 {[%clk 00:00:08]} {[%emt 00:00:05]} Rd4 {[%clk
00:00:10]} {[%emt 00:00:02]} 43. Rxd4 {[%clk 00:00:06]} {[%emt 00:00:04]} Bxd4
{[%clk 00:00:11]} {[%emt 00:00:01]} 44. Kg4 {[%clk 00:00:04]} {[%emt 00:00:04]}
Kh6 {[%clk 00:00:12]} 0-1